000 00301nam a22001337a 4500
008 171016b xxu||||| |||| 00| 0 eng d
020 _a9780136125082
041 _aeng
080 _23RD
_a33
100 _a52
101 _aEKO
245 _aINTRODUCTION TO ECONOMETRICS
_cSTOCK,J.H
942 _2udc
_cBK
999 _c34088
_d34088